Statistics for All Walt Disney World Rides

Click here to take the quiz!

General Stats

  • This quiz has been taken 547 times
    (421 since last reset)
  • The average score is 22 of 46

Answer Stats

HintAnswer% Correct
Magic KingdomSpace Mountain
87%
Magic KingdomSplash Mountain
87%
Magic KingdomBig Thunder Mountain
81%
Hollywood StudiosThe Twilight Zone Tower of Terror
75%
Magic KingdomIt's a Small World
73%
EpcotTest Track
73%
Magic KingdomThe Haunted Mansion
72%
Animal KingdomExpedition Everest
69%
EpcotSoarin'
69%
Magic KingdomDumbo the Flying Elephant
67%
Magic KingdomPirates of the Caribbean
67%
EpcotMission: Space
65%
Magic KingdomPeter Pan's Flight
64%
Magic KingdomJungle Cruise
61%
EpcotSpaceship Earth
61%
Animal KingdomDinosaur
58%
Magic KingdomThe Seven Dwarfs Mine Train
57%
Hollywood StudiosRock 'n' Roller Coaster
55%
Magic KingdomTomorrowland Transit Authority PeopleMover
55%
Magic KingdomPrince Charming Regal Carrousel
53%
Hollywood StudiosStar Tours
52%
Magic KingdomThe Many Adventures of Winnie the Pooh
52%
EpcotLiving with the Land
51%
EpcotFrozen Ever After
48%
Animal KingdomKali River Rapids
47%
Magic KingdomUnder the Sea: Journey of the Little Mermaid
47%
Animal KingdomKilimanjaro Safaris
45%
Magic KingdomThe Mad Tea Party
45%
Magic KingdomBuzz Lightyear's Space Ranger Spin
42%
Magic KingdomThe Barnstormer
42%
Magic KingdomTomorrowland Speedway
40%
Magic KingdomWalt Disney's Carousel of Progress
40%
EpcotJourney into Imagination with Figment
39%
EpcotGran Fiesta Tour Starring the Three Caballeros
34%
EpcotThe Seas with Nemo and Friends
34%
Animal KingdomPrimeval Whirl
31%
Epcot (Formerly)Maelstrom
29%
Magic KingdomThe Magic Carpets of Aladdin
29%
Hollywood StudiosThe Great Movie Ride
28%
Animal KingdomTriceraTop Spin
28%
Magic KingdomThe Hall of Presidents
22%
Hollywood StudiosToy Story Midway Mania
21%
Magic KingdomStitch's Great Escape
18%
EpcotEllen's Energy Adventure
13%
Magic KingdomWalt Disney World Railroad
13%
EpcotCaptain EO
3%

Score Distribution

Percentile by Number Answered

Percent of People with Each Score

Your Score History

You have not taken this quiz since the last reset